00341nam a2200133Ia 4500008004100000020001200041040001800053041001200071082001700083100001800100245004400118260003400162300001100196230917s9999||||xx |||||||||||||| ||und|| c£ 3.95 e5009161aMAIN aEnglish a301.045 A67M aAron, Raymond 0aMain currents in sociological thought 2 aNew YorkbPenguin Booksc1967 a283 p.